Picturesque World's Fair, Vol. I, No. 1, Feb. 10, 1894 An Elaborate Collection of Colored Views . . . Comprising Illustrations of the Greatest Features of the World's Columbian Exposition and Midway Plaisance: Architectural, Artistic, Historical

Saved in:
Bibliographic Details
Format: eBook
Language:English
Published: Project Gutenberg, 2012
Series:Project Gutenberg 39639
Online Access:http://www.gutenberg.org/etext/39639
Rights
Tags: Add Tag
No Tags, Be the first to tag this record!
Call Number :

MARC

LEADER 00000cam a22000003a 4500
001 61348
003 MY-KLNDU
005 20241219024520.0
008 210402s2012||||xxu|||||s|||||000 | eng d
035 |a (PGUSA)39639 
039 9 |y 202104021429  |z VLOAD 
040 |a PGUSA  |b eng 
042 |a dc 
245 1 0 |a Picturesque World's Fair, Vol. I, No. 1, Feb. 10, 1894 An Elaborate Collection of Colored Views . . . Comprising Illustrations of the Greatest Features of the World's Columbian Exposition and Midway Plaisance: Architectural, Artistic, Historical 
260 |b Project Gutenberg,  |c 2012 
500 |a Project Gutenberg 
506 |a Freely available. 
516 |a Electronic text 
599 |a Dummy Record 
830 0 |a Project Gutenberg  |v 39639 
856 4 0 |u http://www.gutenberg.org/etext/39639 
856 4 2 |u http://www.gutenberg.org/license  |3 Rights 
999 |a vtls000071654  |c 61348  |d 61348